Lyrics to 'Segundos Platos' by Morat - Statistics

General Stats
  • This quiz has been taken 45 times
  • The average score is 278 of 284
Answer Stats
Answer % Correct
a
100%
A
100%
acaben
100%
ahí
100%
al
100%
alguien
100%
amor
100%
aparentar
100%
así
100%
beso
100%
buscando
100%
Con
100%
con
100%
cuando
100%
Cuando
100%
de
100%
dejó
100%
desarmar
100%
difícil
100%
el
100%
enamorarte
100%
error
100%
es
100%
estar
100%
estás
100%
estés
100%
fácil
100%
final
100%
flores
100%
frágil
100%
fue
100%
ha
100%
hay
100%
herida
100%
intenciones
100%
Lágrimas
100%
latir
100%
leer
100%
lista
100%
llores
100%
lo
100%
los
100%
mano
100%
mariposas
100%
más
100%
me
100%
mensaje
100%
mi
100%
mis
100%
nerviosa
100%
no
100%
No
100%
nuevas
100%
pero
100%
platos
100%
Podrá
100%
ponga
100%
por
100%
Porque
100%
porque
100%
puede
100%
que
100%
Que
100%
quiero
100%
Quiero
100%
rato
100%
recuerdo
100%
Riegue
100%
100%
se
100%
100%
segunda
100%
segundos
100%
sentir
100%
Será
100%
solo
100%
tan
100%
tarde
100%
te
100%
Tocaste
100%
100%
tu
100%
100%
tus
100%
un
100%
una
100%
va
100%
viejos
100%
vista
100%
volverás
100%
Volveré
100%
volveré
100%
vulnerable
100%
y
100%
Y
100%
yo
100%
Yo
100%
adiós
83%
admitir
83%
amores
83%
Aunque
83%
bien
83%
cartas
83%
corazón
83%
Cualquier
83%
Cure
83%
demás
83%
falta
83%
jugar
83%
labores
83%
muera
83%
muy
83%
pedazos
83%
pretendas
83%
reparar
83%
Voy
83%
arreglarlo
67%
enteres
67%
entregan
67%
esperar
67%
haga
67%
hecho
67%
sus
67%
tiempo
67%
No matching quizzes found
Score Distribution
Percent of People with Each Score
Percentile by Number Answered
Your Score History
You have not taken this quiz